Statistics for Countries of Europe in 400 AD

Click here to take the quiz!

General Stats

  • This quiz has been taken 28 times
  • The average score is 4 of 27

Answer Stats

EntityAnswer% Correct
EmpireRoman Empire
96%
EmpireByzantine Empire
58%
RepublicSan Marino
42%
Tribal CheifdomVandals
42%
Tribal ConfederationFranks
38%
Tribal KingdomCe
23%
Tribal ConfederationSaxons
19%
KingdomIberia
15%
KingdomPictland
15%
Tribal ConfederationSuebi
15%
Tribal KingdomCait
8%
Client KingdomCaucasian Albania
8%
Client KingdomPaeonia
8%
KingdomAlamannia
4%
KingdomArmorica
4%
PrincipalityDumnonia
4%
Tribal KingdomFortriu
4%
Tribal KingdomGelonia
4%
Tribal ChiefdomIverni
4%
Client KingdomLazica
4%
KingdomMeath
4%
KingdomOsraige
4%
Tribal ConfederationSarmatians
4%
Tribal ConfederationAirgialla
0%
Tribal ChiefdomConnacht
0%
Tribal ConfederationMagyars
0%
Tribal ConfederationVenedae
0%

Score Distribution

Percentile by Number Answered

Percent of People with Each Score

Your Score History

You have not taken this quiz